Responses for Show #119 - Thursday, February 21, 1985

Contestants

[<< previous game]

Mark Ryder, a dentist from San Francisco, California

Ralph Dannheisser, a newspaper reporter from Silver Spring, Maryland

Laurie Reyen, a registered nurse from Santa Monica, California (whose 1-day cash winnings total $3,199)

[next game >>]

Jeopardy! Round responses

U.S.A.
FISHING
"PRO" & "CON"
'50s TV
TRAINS
LAST WORDS
    $100 18
Independence Day

Laurie
    $100 16
patience

Ralph
    $100 6
TV programs

Laurie
    $100 1
(Laurie: Who was...)

Steve McQueen

LaurieMark
    $100 25
the Monorail

Laurie
    $100 11
and to all a good night

Mark
    $200 21
Campbell's

Mark
    $200 17
a lure

Mark
    $200 7
a conch shell

Laurie
    $200 2
(Laurie: Who were Dave Garroway and Steve Allen?)
...
(Alex: Dave Garroway was on in the morning, Laurie.)

Steve Allen & Jack Paar

LaurieMark
    $200 26
(Mark: What is a refrigerator car?)
(Ralph: What is a container car?)
...
[The end-of-round signal sounds.]

a tank car

RalphMark
Triple Stumper
    $200 12
and they all lived happily ever after

Laurie
    $300 22
(Mark: What is Massachusetts?)
...
(Alex: We've got less than a minute to go.)

Puerto Rico

LaurieMark
    $300 19
(Mark: What is a fishing line?)

a fishing reel

LaurieMark
    $300 8
the procession

Mark
    $300 3
(Mark: Whew! These are getting a little hard.)
[Laughter]
(Alex: They're supposed to...)
[Laughter]

Perry Como

Mark
    $300 13
a whimper

Mark
    $250 23
West Virginia

Laurie
    $400 20
(Ralph: What are lures?)

hooks

Ralph
Triple Stumper
    $400 9
a concept

Triple Stumper
    $400 4
December Bride

Mark
    $400 14
"those were the days"

Laurie
    $500 24
the Treasury Department

Mark
    $500 10
proceed

Laurie
    $500 5
(Mark: What is a blank page on my brain?)

Wally Cox

Mark
Triple Stumper
    $500 15
(Laurie: Who is Queen Anne?)

Queen Elizabeth I

Laurie
Triple Stumper

Scores at the first commercial break (after clue 11):

Laurie Ralph Mark
$500 $0 $900

Scores at the end of the Jeopardy! Round:

Laurie Ralph Mark
$1,650 -$500 $1,300

Double Jeopardy! Round responses

GEOGRAPHY
MATHEMATICS
RELIGION
LITERATURE
WARS
INTERNAT'L SINGERS
    $200 16
the English Channel

Ralph
    $200 23
(Mark: Um, what is 1?)
...
[The end-of-round signal sounds.]

0

LaurieMark
    $200 6
(Laurie: Who is Phineas Fogg?)
(Alex: I'll give it to you; [*].)

Phileas Fogg

Laurie
    $200 11
Japan

Ralph
    $200 22
Rod Stewart

Mark
    $400 18
(Alex: We've got less than a minute to go in the round.)

Yugoslavia

Mark
    $400 7
(Ralph: What is the 17th?)
...
(Alex: 1719 is the date on that.)

the 18th century

LaurieRalph
    $400 12
the War of 1812

Mark
    $400 5
Julio Iglesias

Mark
    $600 19
(Mark: Uh... what is Belg--what is the Congo?)

Ethiopia

RalphMark
    $600 1
degrees

Ralph
    $600 20
the pope

Triple Stumper
    $600 8
the Holy Grail

Mark
    $600 13
the French & Indian War

Mark
    $500 4
(Alex: Ralph, have you got a question?)
(Ralph: Who are the Young Americans?)

Menudo

Ralph
    $800 17
(Laurie: What is...)

Colombia

LaurieMark
    $800 2
(Mark: Uh... what is 3?)
(Ralph: What is 9?)
(Laurie: What is 3?)

27

LaurieRalphMark
Triple Stumper
    $800 21
(Mark: Who is, uh, [*]?)
(Alex: Right.)
(Mark: Samuel [*]?)
(Alex: No, no, you said [*] first, that's enough; back off.)
[Thomas is never said by Alex or Mark.]

(Thomas) Becket

Mark
    $800 9
(Alex: Yes, it was later renamed Camp David.)

Shangri-La

Mark
    $800 14
the Crimean War

Mark
    $1,000 3
(Alex: Do you have a question for me?)
(Ralph: What is, uh... [*]?)
(Alex: That a guess?)
(Ralph: That's as correct as I think.)

6

Ralph
    $1000 10
(Laurie: Oh, who are the Queen of Hearts and the Queen of Diamonds?)

the Red Queen & the White Queen

Laurie
Triple Stumper
    $1000 15
(Mark: [Whistles as he has done before responding to many previous clues])
[Laughter]
(Mark: What was the... I have no idea.)

the Congress of Vienna

Mark
Triple Stumper

Scores at the end of the Double Jeopardy! Round:

Laurie Ralph Mark
-$150 $400 $4,500
(lock game)

[wagering suggestions for these scores]

Final Jeopardy! Round responses

AWARDS
RalphWhat is Cong. Medal of Honor
$398
MarkWhat is the Congressional Medal of Honor?
$3,500
the Congressional Medal of Honor

Final scores:

Laurie Ralph Mark
-$150 $798 $8,000
3rd place: Bushnell telescope 2nd place: Sierra hearthstove & Vitamaste exerciser New champion: $8,000

Game dynamics:

Coryat scores:

Laurie Ralph Mark
$0 $900 $4,500
13 R
(including 1 DD),
6 W
6 R
(including 1 DD),
5 W
(including 1 DD)
20 R,
8 W

Combined Coryat: $5,400

[game clues] [game scores] [suggest correction]

Game tape date: 1984-10-31
The J! Archive is created by fans, for fans. Scraping, republication, monetization, and malicious use prohibited; this site may use cookies and collect identifying information. See terms. The Jeopardy! game show and all elements thereof, including but not limited to copyright and trademark thereto, are the property of Jeopardy Productions, Inc. and are protected under law. This website is not affiliated with, sponsored by, or operated by Jeopardy Productions, Inc. Join the discussion at JBoard.tv.